[Event "TCh-RUS Premier 2022"]
[Site "Sochi RUS"]
[Date "2022.05.01"]
[Round "1.1"]
[Board "1"]
[White "Grischuk, Alexander"]
[Black "Sargissian, Gabriel"]
[Result "1/2-1/2"]
[WhiteTitle "GM"]
[BlackTitle "GM"]
[WhiteElo "2742"]
[BlackElo "2694"]
[WhiteTeam "Sportivnyy klub KPRF (g. Moskva)"]
[BlackTeam "Shkola im. M.M.Botvinnika (g. Moskva)"]
[WhiteFideId "4126025"]
[BlackFideId "13300881"]
[EventDate "2022.05.01"]

1. e4 e5 2. Nf3 Nc6 3. Nc3 Nf6 4. d4 exd4 5. Nxd4 Bb4 6. Nxc6 bxc6 7. Bd3 d5 8.
exd5 O-O 9. O-O cxd5 10. Bg5 c6 11. Qf3 Bd6 12. Rae1 h6 13. Bxf6 Qxf6 14. Qxf6
gxf6 15. Ne2 c5 16. c4 Ba6 17. b3 dxc4 18. Bxc4 Bxc4 19. bxc4 Be5 20. Nc1 Rfd8
21. Rd1 1/2-1/2

[Event "TCh-RUS Premier 2022"]
[Site "Sochi RUS"]
[Date "2022.05.01"]
[Round "1.1"]
[Board "2"]
[White "Rakhmanov, Aleksandr"]
[Black "Potkin, Vladimir"]
[Result "1/2-1/2"]
[WhiteTitle "GM"]
[BlackTitle "GM"]
[WhiteElo "2640"]
[BlackElo "2571"]
[WhiteTeam "Shkola im. M.M.Botvinnika (g. Moskva)"]
[BlackTeam "Sportivnyy klub KPRF (g. Moskva)"]
[WhiteFideId "4173708"]
[BlackFideId "4131061"]
[EventDate "2022.05.01"]

1. Nf3 d5 2. e3 Nf6 3. c4 e6 4. b3 c5 5. Bb2 Nc6 6. cxd5 exd5 7. Bb5 Bd6 8. O-O
O-O 9. Bxc6 bxc6 10. d3 a5 11. Nbd2 a4 12. Be5 Be7 13. Qc2 Bf5 14. Rfd1 Nd7 15.
Bg3 Qa5 16. Rac1 Qb5 17. e4 Be6 18. Re1 h6 1/2-1/2

[Event "TCh-RUS Premier 2022"]
[Site "Sochi RUS"]
[Date "2022.05.01"]
[Round "1.1"]
[Board "3"]
[White "Dreev, Aleksey"]
[Black "Petrov, Nikita"]
[Result "1/2-1/2"]
[WhiteTitle "GM"]
[BlackTitle "GM"]
[WhiteElo "2623"]
[BlackElo "2560"]
[WhiteTeam "Sportivnyy klub KPRF (g. Moskva)"]
[BlackTeam "Shkola im. M.M.Botvinnika (g. Moskva)"]
[WhiteFideId "4100107"]
[BlackFideId "4101286"]
[EventDate "2022.05.01"]

1. d4 Nf6 2. c4 e6 3. Nc3 Bb4 4. Qc2 O-O 5. a3 Bxc3+ 6. Qxc3 d5 7. Nf3 b6 8. e3
c5 9. dxc5 bxc5 10. cxd5 Ne4 11. Qc2 exd5 12. Nd2 Qa5 13. Bd3 Ba6 14. O-O Bxd3
15. Qxd3 Nf6 16. b4 cxb4 17. Bb2 Qa6 18. Qf5 bxa3 19. Bxf6 Qxf6 20. Qxf6 gxf6
21. Rfc1 Nd7 22. Rxa3 Rfc8 23. Rxc8+ Rxc8 24. Rxa7 Rc1+ 25. Nf1 Ne5 26. Ra2 Nc4
27. g3 Rd1 28. Kg2 d4 29. exd4 Rxd4 30. h3 h5 31. Nh2 Ne5 32. h4 Kg7 1/2-1/2

[Event "TCh-RUS Premier 2022"]
[Site "Sochi RUS"]
[Date "2022.05.01"]
[Round "1.1"]
[Board "4"]
[White "Sviridov, Valery"]
[Black "Zvjaginsev, Vadim"]
[Result "1/2-1/2"]
[BlackTitle "GM"]
[WhiteElo "2569"]
[BlackElo "2599"]
[WhiteTeam "Shkola im. M.M.Botvinnika (g. Moskva)"]
[BlackTeam "Sportivnyy klub KPRF (g. Moskva)"]
[WhiteFideId "4120680"]
[BlackFideId "4113403"]
[EventDate "2022.05.01"]

1. d4 Nf6 2. Nf3 e6 3. e3 d5 4. Nbd2 c5 5. c3 Nbd7 6. Bd3 g6 7. O-O Bg7 8. b4
cxb4 9. cxb4 O-O 10. b5 e5 11. dxe5 Ng4 12. Bb2 Ndxe5 13. Nxe5 Nxe5 14. Be2 Nf3+
15. Bxf3 Bxb2 16. Rb1 Be5 17. Nb3 Be6 18. Nc5 Bxh2+ 19. Kxh2 Qd6+ 20. Kg1 Qxc5
21. Qd2 Rfd8 22. Rfd1 Rd7 23. a4 Rad8 24. Rb4 Rc8 1/2-1/2

[Event "TCh-RUS Premier 2022"]
[Site "Sochi RUS"]
[Date "2022.05.01"]
[Round "1.1"]
[Board "5"]
[White "Alekseev, Evgeny"]
[Black "Makarian, Rudik"]
[Result "1/2-1/2"]
[WhiteTitle "GM"]
[BlackTitle "IM"]
[WhiteElo "2591"]
[BlackElo "2523"]
[WhiteTeam "Sportivnyy klub KPRF (g. Moskva)"]
[BlackTeam "Shkola im. M.M.Botvinnika (g. Moskva)"]
[WhiteFideId "4138147"]
[BlackFideId "44105681"]
[EventDate "2022.05.01"]

1. e4 c5 2. Nf3 e6 3. d4 cxd4 4. Nxd4 Nf6 5. Nc3 Nc6 6. Ndb5 d6 7. Bf4 e5 8. Bg5
a6 9. Na3 b5 10. Bxf6 gxf6 11. Nd5 Bg7 12. Bd3 Ne7 13. Nxe7 Qxe7 14. c4 f5 15.
O-O O-O 16. Qf3 bxc4 17. Nxc4 d5 18. exd5 e4 19. Qe3 Bb7 20. d6 Qf6 21. Be2 f4
22. Qh3 Rac8 23. Rfd1 f3 24. gxf3 Rc5 25. d7 exf3 26. Bd3 Rd8 27. Nd6 Rxd7 28.
Bxh7+ Kf8 29. Ne4 Bxe4 30. Bxe4 Qg5+ 31. Kh1 Rxd1+ 32. Rxd1 Rc1 33. Qxf3 Bxb2
34. Rxc1 Qxc1+ 35. Kg2 Qg5+ 36. Qg3 Qxg3+ 37. fxg3 1/2-1/2

[Event "TCh-RUS Premier 2022"]
[Site "Sochi RUS"]
[Date "2022.05.01"]
[Round "1.1"]
[Board "6"]
[White "Zakhartsov, Vladimir"]
[Black "Afanasiev, Nikita"]
[Result "0-1"]
[WhiteTitle "GM"]
[BlackTitle "GM"]
[WhiteElo "2487"]
[BlackElo "2567"]
[WhiteTeam "Shkola im. M.M.Botvinnika (g. Moskva)"]
[BlackTeam "Sportivnyy klub KPRF (g. Moskva)"]
[WhiteFideId "4145097"]
[BlackFideId "24183555"]
[EventDate "2022.05.01"]

1. e4 c5 2. Nf3 e6 3. d4 cxd4 4. Nxd4 Nc6 5. Nc3 d6 6. Be3 Nge7 7. Ndb5 Ng6 8.
h4 a6 9. h5 Nge5 10. Nd4 Be7 11. h6 g5 12. Qh5 Rg8 13. O-O-O Bd7 14. Kb1 Rc8 15.
f3 b5 16. g3 Nxd4 17. Bxd4 b4 18. f4 Nc4 19. Bxc4 Rxc4 20. Ne2 Qa8 21. Bg7 Bc6
22. Nd4 Bxe4 23. Rhe1 Bg6 24. Qe2 Rc5 25. Rd2 Qc8 26. Nb3 Rf5 27. Nd4 Rd5 28.
Nb3 Rxd2 29. Qxd2 gxf4 30. gxf4 d5 31. Ka1 Qc4 32. Qe3 Qc7 33. Qe2 Qc4 34. Qe3
Qc7 35. Qe2 Qb6 36. Nd4 Be4 37. f5 e5 38. Nf3 f6 39. Nh4 Kd7 40. Rd1 Kc8 41. Qh5
Rd8 42. Qf7 Rd7 43. Qg8+ Bd8 44. Rc1 Qe3 45. Kb1 Rc7 46. Nf3 Bxc2+ 47. Rxc2 Qe4
48. Qe6+ Kb7 49. Ka1 Rxc2 50. Qd7+ Bc7 0-1

[Event "TCh-RUS Premier 2022"]
[Site "Sochi RUS"]
[Date "2022.05.01"]
[Round "1.2"]
[Board "1"]
[White "Shubin, Kirill"]
[Black "Artemiev, Vladislav"]
[Result "0-1"]
[WhiteTitle "IM"]
[BlackTitle "GM"]
[WhiteElo "2472"]
[BlackElo "2700"]
[WhiteTeam "SShOR po shakhmatam i shashkam (g. Sankt-Pete"]
[BlackTeam "Ladya (Respublika Tatarstan)"]
[WhiteFideId "34119962"]
[BlackFideId "24101605"]
[EventDate "2022.05.01"]

1. e4 e5 2. Nf3 Nc6 3. Bb5 a6 4. Ba4 Nf6 5. O-O Be7 6. Re1 b5 7. Bb3 O-O 8. a4
b4 9. a5 d6 10. d3 Be6 11. Nbd2 Bxb3 12. Nxb3 Re8 13. Bg5 h6 14. Bh4 Nd7 15. Bg3
Bf6 16. Nfd2 Nf8 17. Nc4 Ne6 18. Ne3 Rb8 19. Nd5 Bg5 20. Rf1 Rb5 21. Qg4 g6 22.
Qd1 h5 23. h3 Kg7 24. c3 bxc3 25. bxc3 h4 26. Bh2 Ne7 27. Ne3 Bf4 28. d4 Bxh2+
29. Kxh2 c6 30. Kg1 Qc7 31. Ng4 Reb8 32. Ra3 Ng8 33. Qc2 Nf6 34. Nxf6 Kxf6 35.
Nd2 Kg7 36. Nc4 exd4 37. cxd4 Nxd4 38. Qd2 c5 39. Qg5 Rb1 40. Ra1 Rxa1 41. Rxa1
Qd8 42. Qd5 Qf6 43. Re1 Ne2+ 44. Kf1 Nf4 45. Qxd6 Qxd6 46. Nxd6 Rb2 47. g3 Nd3
48. Re2 Rb1+ 49. Kg2 Kf6 50. Re3 Rd1 51. Nc4 hxg3 52. fxg3 Ke6 53. h4 Rc1 54.
Rxd3 Rxc4 55. Kf3 Ra4 56. Rd8 Rxa5 57. Rc8 Rb5 58. Kf4 a5 59. g4 Kd7 60. Ra8 c4
61. Ke3 Rc5 62. Kd2 Re5 63. h5 gxh5 64. gxh5 Rxh5 65. Ra7+ Ke6 66. Ra6+ Ke7 67.
Rc6 a4 68. Rxc4 Ra5 69. Kc2 Kd6 70. Kb2 a3+ 71. Ka2 Ra7 72. Rd4+ Ke5 73. Rc4 f6
74. Rb4 Ra6 75. Rc4 Kf4 76. Rb4 Kf3 77. Rd4 Ke3 78. Rc4 Re6 79. Rc3+ Kxe4 80.
Kxa3 Rb6 81. Rc4+ Ke3 82. Rc3+ Kd4 83. Rf3 Ke4 84. Rf1 f5 85. Re1+ Kd3 86. Rf1
Rf6 87. Kb2 f4 0-1

[Event "TCh-RUS Premier 2022"]
[Site "Sochi RUS"]
[Date "2022.05.01"]
[Round "1.2"]
[Board "2"]
[White "Timofeev, Artyom"]
[Black "Usmanov, Vasily"]
[Result "1-0"]
[WhiteTitle "GM"]
[BlackTitle "IM"]
[WhiteElo "2574"]
[BlackElo "2447"]
[WhiteTeam "Ladya (Respublika Tatarstan)"]
[BlackTeam "SShOR po shakhmatam i shashkam (g. Sankt-Pete"]
[WhiteFideId "4140419"]
[BlackFideId "4135741"]
[EventDate "2022.05.01"]

1. e4 c6 2. d4 d5 3. exd5 cxd5 4. Bd3 Nc6 5. c3 Qc7 6. h3 e6 7. Nf3 Bd6 8. O-O
Nge7 9. Re1 Bd7 10. Be3 f6 11. c4 dxc4 12. Bxc4 Na5 13. Bf1 Nd5 14. Bd2 Nc4 15.
Qb3 Nxd2 16. Nbxd2 O-O 17. Bc4 Qc6 18. Ne4 Rac8 19. Bxd5 exd5 20. Rac1 Qxc1 21.
Qxd5+ Kh8 22. Nxd6 Qc6 23. Nf7+ Rxf7 24. Qxf7 Rg8 25. d5 Qc8 26. Nd4 Rf8 27. Qh5
Qc5 28. Rd1 Re8 29. Qf7 Qe7 30. Qxe7 Rxe7 31. Rd2 Re1+ 32. Kh2 Kg8 33. Nc2 Rc1
34. Kg3 Kf8 35. Kf4 Ke7 36. Ke4 Kd6 37. Kd4 Bb5 38. Ne3 g6 39. Rd1 Rc8 40. g4
Be2 41. Re1 Bb5 42. b3 Kd7 43. a4 Ba6 44. Nc4 Rf8 45. Re6 h5 46. gxh5 gxh5 47.
Nd2 h4 48. Re4 Rh8 49. Rg4 Rh7 50. Rg6 Ke7 51. Ne4 Bf1 52. d6+ 1-0

[Event "TCh-RUS Premier 2022"]
[Site "Sochi RUS"]
[Date "2022.05.01"]
[Round "1.2"]
[Board "3"]
[White "Timerkhanov, Alexander"]
[Black "Tsydypov, Zhamsaran"]
[Result "0-1"]
[WhiteTitle "FM"]
[BlackTitle "GM"]
[WhiteElo "2392"]
[BlackElo "2533"]
[WhiteTeam "SShOR po shakhmatam i shashkam (g. Sankt-Pete"]
[BlackTeam "Ladya (Respublika Tatarstan)"]
[WhiteFideId "24177938"]
[BlackFideId "4108566"]
[EventDate "2022.05.01"]

1. d4 g6 2. e4 Bg7 3. Nc3 d6 4. Be3 a6 5. a4 Nd7 6. Nge2 c5 7. f3 Ngf6 8. a5 O-O
9. Qd2 b5 10. axb6 Nxb6 11. b3 cxd4 12. Nxd4 Bb7 13. Bd3 e5 14. Nde2 d5 15. Bg5
h6 16. Bh4 Re8 17. Rd1 dxe4 18. fxe4 Qc7 19. O-O Nh5 20. Bf2 Rad8 21. Qe3 Re6
22. Qc5 Rc6 23. Qa5 Nf4 24. Nxf4 exf4 25. Bxb6 Bd4+ 26. Bxd4 Qxa5 27. Nd5 Rxd5
28. exd5 Qxd5 29. Be4 Qxe4 30. Rfe1 Rxc2 31. Rxe4 Bxe4 32. Bf2 g5 33. h3 f5 34.
Rd8+ Kf7 35. Rd7+ Kg6 36. Rd6+ Kh5 37. Rxa6 Rb2 38. Bd4 Rxg2+ 39. Kf1 f3 40. Rd6
Bd3+ 41. Ke1 Re2+ 42. Kd1 Bc2+ 0-1

[Event "TCh-RUS Premier 2022"]
[Site "Sochi RUS"]
[Date "2022.05.01"]
[Round "1.2"]
[Board "4"]
[White "Faizrakhmanov, Ramil"]
[Black "Schekachikhin, Maksim"]
[Result "1-0"]
[WhiteTitle "IM"]
[BlackTitle "IM"]
[WhiteElo "2480"]
[BlackElo "2433"]
[WhiteTeam "Ladya (Respublika Tatarstan)"]
[BlackTeam "SShOR po shakhmatam i shashkam (g. Sankt-Pete"]
[WhiteFideId "24103209"]
[BlackFideId "24177830"]
[EventDate "2022.05.01"]

1. d4 d5 2. c4 c6 3. Nc3 dxc4 4. e3 b5 5. a4 b4 6. Ne4 Qd5 7. Nd2 c3 8. bxc3
bxc3 9. Nb1 Qa5 10. Qc2 Na6 11. Qxc3 Nb4 12. Bd2 e6 13. Nf3 Nf6 14. Bc4 Be7 15.
O-O O-O 16. Rc1 c5 17. Qb2 Rb8 18. dxc5 Qxc5 19. Bf1 Qd6 20. Qe5 Bb7 21. Qxd6
Bxd6 22. Na3 Rfd8 23. Nb5 Bxf3 24. Nxd6 Bd5 25. Nb5 a5 26. f3 e5 27. e4 Be6 28.
Bc3 Nd7 29. Nc7 Bb3 30. Na6 Nxa6 31. Bxa6 Ra8 32. Bb5 f6 33. Be1 Nf8 34. Rab1
Ba2 35. Rb2 Bf7 36. Bc6 Ra6 37. Bb7 Rb8 38. Bxa6 Rxb2 39. Bxa5 Bb3 40. Bc3 Ra2
41. a5 Ne6 42. Bf1 Kf7 43. a6 Nc5 44. Ra1 Rxa1 45. Bxa1 Nd7 46. a7 Nb6 47. Bb5
Ke6 1-0

[Event "TCh-RUS Premier 2022"]
[Site "Sochi RUS"]
[Date "2022.05.01"]
[Round "1.2"]
[Board "5"]
[White "Saveliev, Alexei"]
[Black "Hasangatin, Ramil"]
[Result "1/2-1/2"]
[WhiteTitle "IM"]
[BlackTitle "GM"]
[WhiteElo "2386"]
[BlackElo "2479"]
[WhiteTeam "SShOR po shakhmatam i shashkam (g. Sankt-Pete"]
[BlackTeam "Ladya (Respublika Tatarstan)"]
[WhiteFideId "24128546"]
[BlackFideId "4122160"]
[EventDate "2022.05.01"]

1. e4 c6 2. d4 d5 3. exd5 cxd5 4. Bd3 Nc6 5. c3 Qc7 6. Na3 a6 7. Nf3 Bg4 8. Nc2
e6 9. Ne3 Bh5 10. Qe2 Nf6 11. h3 Be7 12. O-O O-O 13. g4 Bg6 14. Bxg6 hxg6 15.
Ng2 Bd6 16. Re1 Nd7 17. Be3 b5 18. a3 Rfe8 19. Rad1 Rab8 20. h4 Nf6 21. Ng5 e5
22. h5 gxh5 23. gxh5 Qd7 24. dxe5 Nxe5 25. Rd4 Neg4 26. Qf3 Be5 27. Rdd1 Nh6 28.
Bd4 Bxd4 29. Rxd4 Rxe1+ 30. Nxe1 Re8 31. Nd3 Qf5 32. Qxf5 Nxf5 33. Rf4 Nh6 34.
Rd4 Nf5 35. Rf4 Nh6 36. Rd4 Nf5 37. Rf4 1/2-1/2

[Event "TCh-RUS Premier 2022"]
[Site "Sochi RUS"]
[Date "2022.05.01"]
[Round "1.2"]
[Board "6"]
[White "Gaifullin, Artur"]
[Black "Vlasenko, Miroslav"]
[Result "1-0"]
[WhiteTitle "FM"]
[BlackTitle "IM"]
[WhiteElo "2445"]
[BlackElo "2403"]
[WhiteTeam "Ladya (Respublika Tatarstan)"]
[BlackTeam "SShOR po shakhmatam i shashkam (g. Sankt-Pete"]
[WhiteFideId "24168653"]
[BlackFideId "4151887"]
[EventDate "2022.05.01"]

1. d4 Nf6 2. c4 e6 3. g3 Bb4+ 4. Bd2 Qe7 5. Bg2 d5 6. Nf3 O-O 7. O-O b6 8. cxd5
exd5 9. Nc3 Bb7 10. a3 Bxc3 11. Bxc3 Ne4 12. Rc1 Nd7 13. Be1 c6 14. Nd2 Nd6 15.
Nb1 Rfe8 16. Bb4 Nf6 17. Nc3 Qe6 18. Bxd6 Qxd6 19. e3 Re7 20. Qa4 h5 21. h4 a5
22. Qc2 Rae8 23. Na4 b5 24. Nc5 Ba8 25. Qf5 a4 26. Bh3 Bb7 27. Qf4 Qxf4 28. gxf4
Bc8 29. Bg2 Bf5 30. Rc3 Ra8 31. Rfc1 Ne8 32. f3 Nd6 33. Bf1 Bg6 34. Kf2 Nf5 35.
Bh3 Rae8 36. Bxf5 Bxf5 37. Na6 Bd7 38. Nb4 f6 39. Re1 Re6 40. f5 Rd6 41. Rec1
Rc8 42. Kg3 Bxf5 43. Rxc6 Rdxc6 44. Nxc6 Kf7 45. Rc5 Bd7 46. Nb4 Rxc5 47. dxc5
Ke6 48. Kf4 g6 49. Nc2 Be8 50. Nd4+ Ke7 51. e4 dxe4 52. fxe4 Kd8 53. e5 fxe5+
54. Kxe5 Ke7 55. c6 Kd8 56. Kd6 g5 57. c7+ Kc8 58. Nf5 1-0

[Event "TCh-RUS Premier 2022"]
[Site "Sochi RUS"]
[Date "2022.05.01"]
[Round "1.3"]
[Board "1"]
[White "Najer, Evgeniy"]
[Black "Tomashevsky, Evgeny"]
[Result "1-0"]
[WhiteTitle "GM"]
[BlackTitle "GM"]
[WhiteElo "2659"]
[BlackElo "2708"]
[WhiteTeam "Shakhmatnaya sbornaya Moskvy"]
[BlackTeam "Gogolevskiy, 14 (g. Moskva)"]
[WhiteFideId "4118987"]
[BlackFideId "4147235"]
[EventDate "2022.05.01"]

1. e4 e5 2. Nf3 Nc6 3. Bb5 a6 4. Ba4 Nf6 5. O-O Be7 6. d3 b5 7. Bb3 d6 8. a4 Bd7
9. c3 O-O 10. Re1 Na5 11. Bc2 c5 12. Nbd2 Re8 13. Nf1 h6 14. Ne3 Bf8 15. h3 c4
16. Nh2 Be6 17. axb5 axb5 18. d4 exd4 19. cxd4 Nb3 20. Rxa8 Qxa8 21. Bxb3 cxb3
22. d5 Bd7 23. f3 Qa4 24. Nhf1 Nh5 25. Nd2 f5 26. exf5 Ng3 27. f6 gxf6 28. Nxb3
f5 29. Nd4 Qxd1 30. Rxd1 f4 31. Nec2 Bg7 32. Kf2 Be5 33. Bd2 Ra8 34. Bc3 Kf7 35.
Nb4 Ra4 36. Ne2 Nf5 37. Nd3 Ne3 38. Rc1 Nxd5 39. Bxe5 dxe5 40. Nxe5+ Ke6 41.
Nxd7 Kxd7 42. Rc5 Ke6 43. Rxb5 Rc4 44. Ke1 Rc8 45. Rb7 Ke5 46. Rb5 Kd6 47. Ra5
Rb8 48. Ra2 Ke5 49. Kf2 Rb6 50. Nc3 Ne3 51. g4 Nc4 52. Nd1 Kd4 53. h4 Kd3 54.
Nc3 Ne5 55. Nd5 Rb3 56. Ra3 1-0

[Event "TCh-RUS Premier 2022"]
[Site "Sochi RUS"]
[Date "2022.05.01"]
[Round "1.3"]
[Board "2"]
[White "Goryachkina, Aleksandra"]
[Black "Riazantsev, Alexander"]
[Result "1/2-1/2"]
[WhiteTitle "GM"]
[BlackTitle "GM"]
[WhiteElo "2610"]
[BlackElo "2634"]
[WhiteTeam "Gogolevskiy, 14 (g. Moskva)"]
[BlackTeam "Shakhmatnaya sbornaya Moskvy"]
[WhiteFideId "4147103"]
[BlackFideId "4125029"]
[EventDate "2022.05.01"]

1. c4 c6 2. d4 d5 3. cxd5 cxd5 4. Bf4 Nc6 5. e3 Bf5 6. Nc3 e6 7. Bd3 Bxd3 8.
Qxd3 Bd6 9. Nge2 Nf6 10. O-O O-O 11. Rfc1 Rc8 12. Na4 Ne4 13. Bxd6 Nxd6 14. Nf4
Qe7 15. Qe2 Rc7 16. Nc5 b6 17. Na6 Rcc8 18. Nd3 Qb7 19. Nab4 Nxb4 20. Nxb4 Rxc1+
21. Rxc1 Rc8 22. Rxc8+ Qxc8 23. Qc2 Qxc2 24. Nxc2 Kf8 25. Kf1 Nc4 26. b3 Nd6 27.
Ke2 Ke7 28. Nb4 1/2-1/2

[Event "TCh-RUS Premier 2022"]
[Site "Sochi RUS"]
[Date "2022.05.01"]
[Round "1.3"]
[Board "3"]
[White "Grachev, Boris"]
[Black "Kobalia, Mikhail"]
[Result "1/2-1/2"]
[WhiteTitle "GM"]
[BlackTitle "GM"]
[WhiteElo "2615"]
[BlackElo "2596"]
[WhiteTeam "Shakhmatnaya sbornaya Moskvy"]
[BlackTeam "Gogolevskiy, 14 (g. Moskva)"]
[WhiteFideId "4129199"]
[BlackFideId "4119150"]
[EventDate "2022.05.01"]

1. c4 c6 2. Nf3 d5 3. g3 g6 4. Bg2 Bg7 5. cxd5 cxd5 6. d4 Nf6 7. Ne5 Ne4 8. Nd2
Nxd2 9. Bxd2 Nd7 10. Bc3 e6 11. O-O O-O 12. Rc1 Nxe5 13. dxe5 Bd7 14. e4 Bb5 15.
Re1 dxe4 16. Bxe4 Qb6 17. Qf3 Bc6 18. Bxc6 bxc6 19. Rcd1 Rad8 20. Rd6 Rxd6 21.
exd6 Rd8 22. Bxg7 Kxg7 23. Qc3+ Kg8 24. Rd1 c5 25. Qe5 Qc6 26. Rd2 h5 27. h3 a5
28. Kh2 a4 29. a3 Rd7 30. Kg1 Kh7 31. h4 Kg8 32. Kh2 Kh7 33. Rd3 Qb5 34. Rd1 Qc6
35. Kg1 Kg8 36. Kf1 Qh1+ 37. Ke2 Qc6 38. f3 Rb7 39. Rd2 Rb3 40. Qf6 Qb5+ 41. Kf2
Rd3 42. Qg5 Kg7 43. Rxd3 Qxd3 44. Qxc5 Qd2+ 45. Kg1 Qd1+ 46. Kg2 Qe2+ 47. Qf2
Qd1 48. b4 axb3 49. Qb2+ Kg8 50. d7 Qxd7 51. Qxb3 Qd2+ 52. Kf1 e5 53. a4 Kg7 54.
Qb1 f5 55. Qe1 Qd4 56. a5 e4 57. a6 e3 58. Qe2 Kh7 59. f4 Kg7 60. Kg2 Qd5+ 61.
Kg1 Qd2 62. Kf1 Qd4 63. Kg2 Qd5+ 64. Kg1 Qd2 65. Kf1 1/2-1/2

[Event "TCh-RUS Premier 2022"]
[Site "Sochi RUS"]
[Date "2022.05.01"]
[Round "1.3"]
[Board "4"]
[White "Murzin, Volodar"]
[Black "Motylev, Alexander"]
[Result "1-0"]
[WhiteTitle "IM"]
[BlackTitle "GM"]
[WhiteElo "2542"]
[BlackElo "2633"]
[WhiteTeam "Gogolevskiy, 14 (g. Moskva)"]
[BlackTeam "Shakhmatnaya sbornaya Moskvy"]
[WhiteFideId "44155573"]
[BlackFideId "4121830"]
[EventDate "2022.05.01"]

1. e4 e6 2. d3 c5 3. Nf3 Nc6 4. g3 g6 5. Bg5 f6 6. Be3 d5 7. exd5 exd5 8. d4 Bg4
9. Be2 Nge7 10. O-O Nf5 11. Bf4 Bh3 12. Re1 Kf7 13. Nc3 g5 14. Be3 g4 15. Nh4
Nxh4 16. gxh4 Rc8 17. h5 cxd4 18. Bxd4 Rg8 19. Bb5 Rg5 20. Ne2 Bd6 21. Ng3 Nxd4
22. Qxd4 Be5 23. Qxa7 Qc7 24. c3 d4 25. Ba4 dxc3 26. bxc3 Bxc3 27. Rac1 Ra5 28.
Bb3+ Kg7 29. h6+ Kf8 30. Qe3 Re5 31. Ne4 Bxe1 32. Rxc7 Rxc7 33. Qd4 Bxf2+ 34.
Kxf2 Rd7 35. Qc4 g3+ 36. Kxg3 Be6 37. Qb4+ Kf7 38. Nd6+ 1-0

[Event "TCh-RUS Premier 2022"]
[Site "Sochi RUS"]
[Date "2022.05.01"]
[Round "1.3"]
[Board "5"]
[White "Popov, Ivan RUS"]
[Black "Khegay, Dmitriy"]
[Result "1/2-1/2"]
[WhiteTitle "GM"]
[BlackTitle "GM"]
[WhiteElo "2629"]
[BlackElo "2523"]
[WhiteTeam "Shakhmatnaya sbornaya Moskvy"]
[BlackTeam "Gogolevskiy, 14 (g. Moskva)"]
[WhiteFideId "4170350"]
[BlackFideId "24153729"]
[EventDate "2022.05.01"]

1. e4 c5 2. Nf3 d6 3. Bb5+ Bd7 4. Bxd7+ Qxd7 5. c4 Nf6 6. Nc3 g6 7. d4 cxd4 8.
Nxd4 Bg7 9. f3 O-O 10. Be3 Nc6 11. O-O a6 12. Qd3 Rfc8 13. b3 b5 14. cxb5 Ne5
15. Qd2 d5 16. Nxd5 Nxd5 17. exd5 axb5 18. Rad1 Qxd5 19. Qe2 Nc6 20. Nxb5 Qe6
21. Kf2 Nb4 22. Rd2 Nd5 23. Rfd1 Nxe3 24. Qxe3 Qxe3+ 25. Kxe3 Bh6+ 26. f4 e5 27.
g3 Rc5 28. Rd8+ Rxd8 29. Rxd8+ Kg7 30. Nd6 exf4+ 31. gxf4 Rc3+ 32. Kd4 Rc2 33.
Rd7 Rxa2 34. Ke4 Re2+ 35. Kf3 Rxh2 36. Nxf7 Rh3+ 37. Kg4 Rxb3 38. Ng5+ Kg8 39.
Nxh7 Rb6 1/2-1/2

[Event "TCh-RUS Premier 2022"]
[Site "Sochi RUS"]
[Date "2022.05.01"]
[Round "1.3"]
[Board "6"]
[White "Nikitenko, Mihail"]
[Black "Demidov, Mikhail"]
[Result "0-1"]
[WhiteTitle "IM"]
[BlackTitle "GM"]
[WhiteElo "2479"]
[BlackElo "2571"]
[WhiteTeam "Gogolevskiy, 14 (g. Moskva)"]
[BlackTeam "Shakhmatnaya sbornaya Moskvy"]
[WhiteFideId "13506862"]
[BlackFideId "4197143"]
[EventDate "2022.05.01"]

1. e4 c6 2. d4 d5 3. e5 Bf5 4. Nf3 e6 5. Be2 Ne7 6. O-O h6 7. a4 c5 8. c4 Nbc6
9. Nc3 a6 10. Be3 cxd4 11. Nxd4 dxc4 12. Nxf5 Nxf5 13. Qxd8+ Rxd8 14. Bb6 Rd2
15. Bf3 Rxb2 16. a5 Nfd4 17. Be4 Bb4 18. Bxd4 Nxd4 19. Nd1 Rb3 20. Bxb7 c3 21.
Bxa6 c2 22. Bc4 Bd2 23. Ne3 Rc3 24. Nxc2 Rxc4 25. a6 O-O 26. a7 Ra8 27. Nxd4
Rxd4 28. Rfb1 Rb4 29. Rxb4 Bxb4 30. g3 Bc3 31. Ra4 Bxe5 32. Kg2 Kf8 33. f4 Bd6
34. h3 Ke7 35. Ra5 Bc7 36. Ra6 Kd7 37. Kf2 0-1

[Event "TCh-RUS Premier 2022"]
[Site "Sochi RUS"]
[Date "2022.05.01"]
[Round "1.4"]
[Board "1"]
[White "Matlakov, Maxim"]
[Black "Sjugirov, Sanan"]
[Result "1/2-1/2"]
[WhiteTitle "GM"]
[BlackTitle "GM"]
[WhiteElo "2674"]
[BlackElo "2696"]
[WhiteTeam "Mednyy vsadnik (g. Sankt-Peterburg)"]
[BlackTeam "Yuzhnyy Ural - 1 (Chelyabinskaya oblast)"]
[WhiteFideId "4168003"]
[BlackFideId "4189302"]
[EventDate "2022.05.01"]

1. d4 Nf6 2. c4 e6 3. g3 Bb4+ 4. Nd2 c5 5. a3 Bxd2+ 6. Qxd2 cxd4 7. Nf3 d5 8.
Bg2 dxc4 9. Qxd4 Qxd4 10. Nxd4 O-O 11. Bf4 Nd5 12. Rc1 Bd7 13. Rxc4 Nc6 14. Nxc6
Bxc6 15. O-O Rfd8 16. Rfc1 1/2-1/2

[Event "TCh-RUS Premier 2022"]
[Site "Sochi RUS"]
[Date "2022.05.01"]
[Round "1.4"]
[Board "2"]
[White "Paravyan, David"]
[Black "Chigaev, Maksim"]
[Result "0-1"]
[WhiteTitle "GM"]
[BlackTitle "GM"]
[WhiteElo "2617"]
[BlackElo "2631"]
[WhiteTeam "Yuzhnyy Ural - 1 (Chelyabinskaya oblast)"]
[BlackTeam "Mednyy vsadnik (g. Sankt-Peterburg)"]
[WhiteFideId "4194985"]
[BlackFideId "4108116"]
[EventDate "2022.05.01"]

1. e4 c5 2. Nf3 d6 3. d4 cxd4 4. Nxd4 Nf6 5. Nc3 a6 6. Rg1 h5 7. Bg5 b5 8. a4 b4
9. Nd5 Nxe4 10. Bh4 Bb7 11. Bc4 Nd7 12. Qe2 Rc8 13. f3 g5 14. fxe4 gxh4 15. Bxa6
Bxa6 16. Qxa6 Bg7 17. O-O-O e6 18. Nc6 Nb8 19. Nxb8 Rxb8 20. Nf4 O-O 21. Kb1
Bxb2 22. g4 Be5 23. gxh5+ Kh8 24. Rdf1 Ra8 25. Qb5 Qe8 26. c4 bxc3 27. Qxe8
Rfxe8 28. Nd3 Bd4 29. Rg5 Rxa4 30. Rb5 Rc8 31. Nb4 Rxb4+ 32. Rxb4 c2+ 33. Ka2
Be3 34. Rb7 c1=Q 0-1